Cities that Start with N by Clue - Statistics

General Stats
  • This quiz has been taken 67 times
  • The average score is 15 of 20
Answer Stats
Clue City % Correct
"The Big Apple" or " The City that Never Sleeps" New York
100%
Italian city known for being the birthplace of pizza and its proximity to the Amalfi coast Naples
95%
Country music capital of the world Nashville
93%
City on the french riviera known for its gorgeous seaside promenade Nice
93%
Japanese city known for the Atomic bomb and Portuguese influence Nagasaki
92%
Canadian and American city known for its world-renowned waterfalls Niagara Falls
90%
Known for Mardi Gras, gumbo, and the bayou New Orleans
89%
Suburb of the city above with a large airport and the Devils Newark
82%
Divided capital shared by Greek and Turkish Cypriots Nicosia
82%
The Bahamas' main city Nassau
80%
Known for its infamous "trials" and iconic Christmas market Nuremberg
80%
Northern English city on the River Tyne Newcastle
77%
African capital known for a national park right in the city, often called "Silicon Savannah" Nairobi
72%
Former Chinese capital known for its "Massacre" by the Japanese in WWII Nanjing
72%
Capital of Niger Niamey
66%
Japanese industrial city home to Toyota headquarters Nagoya
62%
Rhode Island beach town known for its mansions and cliff walk Newport
57%
College town known for Yale University and pizza New Haven
46%
South Asian capital known for the Red Fort and Humayun's Tomb New Delhi
39%
Capital of Okinawa Naha
23%
No matching quizzes found
Score Distribution
Percent of People with Each Score
Percentile by Number Answered
Your Score History
You have not taken this quiz